| 000 | 00773nam a22002297a 4500 | ||
|---|---|---|---|
| 999 |
_c18879 _d18879 |
||
| 003 | AR-CdUCM | ||
| 008 | 190515b ||||| |||| 00| 0 spa d | ||
| 040 |
_aMUNICIPALIDAD PROVINCIAL DEL CUSCO _cBIBLIOTECA MUNICIPAL DEL CUSCO |
||
| 082 |
_a306.7 / _bC70 |
||
| 100 |
_aReich, Wilhelm _939774 |
||
| 245 | _aSexualidad: ¿Libertad o represión? / | ||
| 260 |
_aMéxico : _bGrijalbo, _c1971. |
||
| 300 |
_a155 páginas ; _c19 cm. |
||
| 440 |
_aColección 70 _n111 _939775 |
||
| 505 | _aContenido : Sexo o represión -- Revolución sexual -- Selección de textos de Wilhelm Reich ... | ||
| 650 |
_aSexualidad _99609 |
||
| 650 |
_aSexo _92351 |
||
| 650 |
_aSociales _928612 |
||
| 700 |
_aGiner, Juan (Traducción) _939776 |
||
| 942 |
_2ddc _cLIBROS |
||
| 945 |
_arah _d2019/05/15 |
||